[Event "HUN-chT2 Szechenyi 1213"]
[Site "Hungary"]
[Date "2013.04.07"]
[Round "10.6"]
[White "Bajak, Andras"]
[Black "Ongai, Erik"]
[Result "0-1"]
[WhiteElo "2004"]
[BlackElo "2041"]
[PlyCount "134"]
[EventDate "2012.09.16"]
[EventType "team-tourn"]
[EventRounds "11"]
[EventCountry "HUN"]
[SourceTitle "EXT 2014"]
[Source "ChessBase"]
[SourceDate "2013.11.20"]
[SourceVersion "1"]
[SourceVersionDate "2013.11.20"]
[SourceQuality "1"]
[WhiteTeam "Haladas III"]
[BlackTeam "Sarvar"]
[WhiteTeamCountry "HUN"]
[BlackTeamCountry "HUN"]

1. d4 d5 2. c4 e6 3. Nc3 Nf6 4. cxd5 exd5 5. Bg5 c6 6. Qc2 Be7 7. e3 Nh5 8. Bxe7 Kxe7 9. 0-0-0 g6 10. e4 Re8 11. e5 Kf8 12. Qd2 Kg8 13. h3 b5 14. g4 Ng7 15. f4 Bb7 16. Nf3 Nd7 17. f5 b4 18. Na4 c5 19. f6 Nxf6 20. exf6 Qxf6 21. Bg2 cxd4 22. Nxd4 Rac8+ 23. Kb1 Ne6 24. Rhf1 Qe7 25. b3 Qh4 26. Qxb4 Ba6 27. Rf3 Nxd4 28. Qxd4 Be2 29. Rfd3 Bxd3+ 30. Qxd3 Rc7 31. Nc3 Rce7 32. Bxd5 Re1 33. Ne4 Rxd1+ 34. Qxd1 Re7 35. Qf3 h6 36. Kb2 Qe1 37. Qf6 Rd7 38. Qxg6+ Kf8 39. Qxh6+ Ke7 40. Qf6+ Kf8 41. Qh8+ Ke7 42. Qe5+ Kf8 43. a4 a5 44. Bc4 Rd2+ 45. Nxd2 Qxe5+ 46. Kc2 Qh2 47. Bf1 Ke7 48. Kd3 Ke6 49. Ke3 Qg3+ 50. Nf3 f6 51. Ke4 Kd6 52. Nd4 Qe1+ 53. Be2 Qh1+ 54. Kf4 Qh2+ 55. Ke4 Qxh3 56. Nf5+ Kc5 57. Ne3 Qh7+ 58. Kf4 Qh2+ 59. Kf3 Kd4 60. Nf5+ Ke5 61. Ng3 Qh6 62. Nf5 Qf4+ 63. Kg2 Qe4+ 64. Kf2 Kf4 65. Nh4 Qe3+ 66. Kf1 Qh3+ 67. Ng2+ Kg3 0-1

[Event "HUN-chT2 Szechenyi 0910"]
[Site "Hungary"]
[Date "2010.04.18"]
[Round "10.4"]
[White "Szilasi, Imre"]
[Black "Bajak, Andras"]
[Result "1-0"]
[WhiteElo "1940"]
[BlackElo "1962"]
[PlyCount "77"]
[EventDate "2009.11.08"]
[EventType "team-tourn"]
[EventRounds "11"]
[EventCountry "HUN"]
[SourceTitle "EXT 2011"]
[Source "ChessBase"]
[SourceDate "2010.11.26"]
[SourceVersion "1"]
[SourceVersionDate "2010.11.26"]
[SourceQuality "1"]
[WhiteTeam "Arboretum"]
[BlackTeam "HVSE Infraplan"]
[WhiteTeamCountry "HUN"]
[BlackTeamCountry "HUN"]

1. c4 Nf6 2. Nc3 g6 3. e4 d6 4. d4 Bg7 5. Nf3 0-0 6. Be2 e5 7. dxe5 dxe5 8. 0-0 Nc6 9. Be3 Qe7 10. Nd5 Nxd5 11. cxd5 Nd4 12. Rc1 Bg4 13. Nxd4 exd4 14. Bd2 Bxe2 15. Qxe2 Rfe8 16. Rfe1 Rac8 17. Bf4 g5 18. Bg3 f5 19. f3 f4 20. Bf2 c6 21. dxc6 bxc6 22. Qc4+ Qe6 23. Bxd4 Bxd4+ 24. Qxd4 Red8 25. Qxa7 Rd2 26. Qc5 Rxb2 27. Qxg5+ Kh8 28. Qxf4 Rg8 29. g4 Rxa2 30. Rc5 Re8 31. Rec1 Qe7 32. R5c2 Rea8 33. Qd2 Ra1 34. Qc3+ Qg7 35. Qxg7+ Kxg7 36. Rxc6 R1a3 37. Rc7+ Kg6 38. R1c6+ Kg5 39. Kg2 1-0

[Event "HUN-ch U18"]
[Site "Balatonlelle"]
[Date "2009.07.03"]
[Round "7"]
[White "Bajak, Andras"]
[Black "Hegyesi, Zoltan"]
[Result "1-0"]
[WhiteElo "1932"]
[BlackElo "2074"]
[PlyCount "55"]
[EventDate "2009.06.27"]
[EventType "swiss"]
[EventRounds "9"]
[EventCountry "HUN"]
[SourceTitle "EXT 2011"]
[Source "ChessBase"]
[SourceDate "2010.11.26"]
[SourceVersion "1"]
[SourceVersionDate "2010.11.26"]
[SourceQuality "1"]

1. e4 c6 2. c4 d5 3. exd5 cxd5 4. cxd5 Qxd5 5. Nc3 Qd8 6. d4 Nf6 7. Bc4 e6 8. Nf3 Be7 9. 0-0 Nbd7 10. Re1 Nb6 11. Bb3 0-0 12. Ne5 Nbd5 13. Qf3 Nxc3 14. bxc3 Nd7 15. Nxf7 Rxf7 16. Bxe6 Nf6 17. Bxf7+ Kxf7 18. Bg5 Bg4 19. Qxb7 Rc8 20. Bxf6 gxf6 21. Re3 Be6 22. Rae1 Rc7 23. Qe4 Bd5 24. Qxh7+ Kf8 25. Qh8+ Kf7 26. Qh5+ Kf8 27. Rg3 Bf7 28. Qh8+ 1-0

[Event "HUN-ch U18"]
[Site "Balatonlelle"]
[Date "2009.07.02"]
[Round "6"]
[White "Koban, Balint"]
[Black "Bajak, Andras"]
[Result "1/2-1/2"]
[WhiteElo "2227"]
[BlackElo "1932"]
[PlyCount "35"]
[EventDate "2009.06.27"]
[EventType "swiss"]
[EventRounds "9"]
[EventCountry "HUN"]
[SourceTitle "EXT 2011"]
[Source "ChessBase"]
[SourceDate "2010.11.26"]
[SourceVersion "1"]
[SourceVersionDate "2010.11.26"]
[SourceQuality "1"]

1. e4 c5 2. Nf3 Nc6 3. d4 cxd4 4. Nxd4 Nf6 5. Nc3 e5 6. Ndb5 d6 7. Bg5 a6 8. Na3 b5 9. Bxf6 gxf6 10. Nd5 Bg7 11. Bd3 Ne7 12. Nxe7 Qxe7 13. Qf3 f5 14. 0-0 d5 15. Qg3 0-0 16. exd5 e4 17. Rae1 Qf6 18. Be2 1/2-1/2

[Event "HUN-ch U18"]
[Site "Balatonlelle"]
[Date "2009.06.29"]
[Round "3"]
[White "Halmi, Bence"]
[Black "Bajak, Andras"]
[Result "1/2-1/2"]
[WhiteElo "1992"]
[BlackElo "1932"]
[PlyCount "110"]
[EventDate "2009.06.27"]
[EventType "swiss"]
[EventRounds "9"]
[EventCountry "HUN"]
[SourceTitle "EXT 2011"]
[Source "ChessBase"]
[SourceDate "2010.11.26"]
[SourceVersion "1"]
[SourceVersionDate "2010.11.26"]
[SourceQuality "1"]

1. e4 e6 2. d4 d5 3. exd5 exd5 4. Bd3 Nc6 5. c3 Bd6 6. Qf3 Be6 7. Ne2 Qd7 8. h3 Nge7 9. Bf4 Ng6 10. Bxd6 Qxd6 11. Bxg6 hxg6 12. Nd2 g5 13. Qg3 Qxg3 14. Nxg3 g4 15. hxg4 Rxh1+ 16. Nxh1 Bxg4 17. f3 Bf5 18. Ng3 Bg6 19. Kf2 f6 20. Ne2 Ne7 21. Nf4 Kd7 22. Re1 Bf7 23. Rh1 c6 24. Rh7 Rg8 25. Nf1 Bg6 26. Nxg6 Nxg6 27. Ng3 Nf8 28. Rh1 g6 29. Ke3 Ke6 30. Ne2 Kf7 31. g4 Kg7 32. Nf4 Rh8 33. Rxh8 Kxh8 34. Kd3 Kg7 35. c4 dxc4+ 36. Kxc4 Kf7 37. d5 Nd7 38. dxc6 Ne5+ 39. Kd5 bxc6+ 40. Kd6 Nxf3 41. Kxc6 Ne5+ 42. Kb7 g5 43. Ng2 Nxg4 44. Kxa7 f5 45. Kb6 f4 46. Ne1 Ne5 47. Kc5 g4 48. Kd4 f3 49. Ke3 Ke6 50. b4 Nc4+ 51. Kf2 Nd2 52. Ke3 Nc4+ 53. Kf2 Nd2 54. Ke3 Nc4+ 55. Kf2 Nd2 1/2-1/2

[Event "HUN-chT2 Szechenyi 0809"]
[Site "Hungary"]
[Date "2009.04.19"]
[Round "11.6"]
[White "Hagymasi, Janos"]
[Black "Bajak, Andras"]
[Result "1-0"]
[WhiteElo "2052"]
[BlackElo "1937"]
[PlyCount "76"]
[EventDate "2008.10.26"]
[EventType "tourn"]
[EventRounds "11"]
[EventCountry "HUN"]
[SourceTitle "EXT 2010"]
[Source "ChessBase"]
[SourceDate "2010.11.25"]
[SourceVersion "1"]
[SourceVersionDate "2010.11.25"]
[SourceQuality "1"]
[WhiteTeam "Veszprem"]
[BlackTeam "Haladas"]
[WhiteTeamCountry "HUN"]
[BlackTeamCountry "HUN"]

1. e4 e6 2. d4 d5 3. Nd2 c5 4. Ngf3 cxd4 5. exd5 Qxd5 6. Bc4 Qd6 7. 0-0 Nf6 8. Nb3 Nc6 9. Nfxd4 Nxd4 10. Qxd4 Qxd4 11. Nxd4 Bc5 12. Nb3 Bb6 13. Bg5 Bd7 14. a4 a6 15. a5 Ba7 16. Rad1 Rc8 17. Bd3 h6 18. Bd2 Nd5 19. Rfe1 0-0 20. Be4 Nf6 21. Bd3 Nd5 22. Rc1 Ba4 23. Be4 Rfd8 24. Bf3 Rc7 25. Bxd5 Rxd5 26. Bc3 Rcd7 27. Ra1 Bb5 28. Rec1 Rf5 29. Be1 e5 30. Rd1 Rc7 31. c3 Rc6 32. Rd8+ Kh7 33. Rd7 Bxf2+ 34. Bxf2 Rcf6 35. c4 Rxf2 36. cxb5 Rxb2 37. Nc1 Rxb5 38. Nd3 Rf5 1-0

[Event "HUN-chT2 Szechenyi 0809"]
[Site "Hungary"]
[Date "2008.03.08"]
[Round "9.7"]
[White "Bajak, Andras"]
[Black "Schleinig, Pal"]
[Result "1/2-1/2"]
[WhiteElo "1937"]
[BlackElo "2030"]
[PlyCount "47"]
[EventDate "2008.10.26"]
[EventType "tourn"]
[EventRounds "11"]
[EventCountry "HUN"]
[SourceTitle "EXT 2010"]
[Source "ChessBase"]
[SourceDate "2010.11.25"]
[SourceVersion "1"]
[SourceVersionDate "2010.11.25"]
[SourceQuality "1"]
[WhiteTeam "Haladas"]
[BlackTeam "Keszthely"]
[WhiteTeamCountry "HUN"]
[BlackTeamCountry "HUN"]

1. d4 Nf6 2. Bg5 d5 3. Bxf6 exf6 4. e3 c6 5. Bd3 Bd6 6. Nd2 Be6 7. Qf3 Qd7 8. h3 Na6 9. c3 Nc7 10. Ne2 f5 11. Nf4 g6 12. 0-0-0 0-0-0 13. Rhg1 Ne8 14. g4 Nf6 15. Ne2 Ne4 16. Qg2 h5 17. gxf5 Bxf5 18. Nxe4 Bxe4 19. Bxe4 dxe4 20. Qxe4 Qxh3 21. Nf4 Bxf4 22. Qxf4 Qe6 23. b3 Rhe8 24. c4 1/2-1/2

[Event "HUN-chT2 Charousek 0708"]
[Site "Hungary"]
[Date "2008.02.17"]
[Round "6"]
[White "Bajak, Andras"]
[Black "Horvath, David G"]
[Result "0-1"]
[WhiteElo "1633"]
[BlackElo "1893"]
[PlyCount "58"]
[EventDate "2007.10.14"]
[EventType "team-tourn"]
[EventRounds "11"]
[EventCountry "HUN"]
[SourceTitle "EXT 2009"]
[Source "ChessBase"]
[SourceDate "2008.11.26"]
[SourceVersion "1"]
[SourceVersionDate "2008.11.26"]
[SourceQuality "1"]
[WhiteTeam "Haladas II"]
[BlackTeam "Dunaharaszti"]
[WhiteTeamCountry "HUN"]
[BlackTeamCountry "HUN"]

1. e4 e6 2. d4 d5 3. Nd2 c5 4. exd5 Qxd5 5. Ngf3 cxd4 6. Bc4 Qd8 7. 0-0 Nf6 8. Nb3 Nc6 9. Qe2 Bd6 10. Rd1 0-0 11. Nbxd4 Nxd4 12. Nxd4 Qe7 13. Nb5 Bb8 14. b3 Nd7 15. Ba3 Nc5 16. Qe3 b6 17. Bd5 Bxh2+ 18. Kh1 Bf4 19. Qxf4 exd5 20. Nc7 Rb8 21. Nxd5 Qb7 22. Bxc5 bxc5 23. Ne7+ Kh8 24. Nxc8 Rbxc8 25. c4 Rcd8 26. Rd2 Rxd2 27. Qxd2 Re8 28. Rd1 Qc7 29. Qd7 Re1+ 0-1